[Event "TUR-chT2"]
[Site "Konya"]
[Date "2017.07.10"]
[Round "2.7"]
[White "Yildirim, Kaptan Kaan"]
[Black "Ozdemir, Serhan Berat"]
[Result "0-1"]
[WhiteElo "1595"]
[BlackElo "1854"]
[PlyCount "40"]
[EventDate "2017.07.09"]
[EventType "team-swiss"]
[EventRounds "9"]
[EventCountry "TUR"]
[SourceTitle "CBM 179 Extra"]
[Source "ChessBase"]
[SourceDate "2017.08.23"]
[SourceVersion "1"]
[SourceVersionDate "2017.08.23"]
[SourceQuality "1"]
[WhiteTeam "Yildiz"]
[BlackTeam "Genclik Merkezi Genc"]
[WhiteTeamCountry "TUR"]
[BlackTeamCountry "TUR"]

1. e4 Nf6 2. Bc4 d5 3. exd5 Nxd5 4. Nc3 Nb6 5. Bb3 Nc6 6. a3 Bf5 7. Nge2 e6 8. d3 Bc5 9. Bf4 0-0 10. 0-0 Qe7 11. Ng3 Bg6 12. Nge4 Bd4 13. Re1 Kh8 14. Qd2 e5 15. Ng5 Qd7 16. Be3 Rae8 17. Nf3 Bh5 18. Bxd4 Bxf3 19. gxf3 Nxd4 20. Qe3 Qh3 0-1